Statistiques concernant Les communes du Val d'Oise

Cliquez ici pour prendre le quiz!

Statistiques générales

  • Ce quiz a été pris 193 fois
  • Le résultat moyen est 42 sur 185

Statistiques - réponses

Commune% Correct
Cergy
93%
Argenteuil
90%
Pontoise
89%
Sarcelles
82%
Eaubonne
70%
Ermont
70%
Enghien-les-Bains
68%
Gonesse
66%
Garges-lès-Gonesse
64%
Taverny
63%
Franconville
61%
Herblay
61%
Montmorency
61%
Sannois
61%
Saint-Gratien
58%
Éragny
57%
Villiers-le-Bel
57%
Deuil-la-Barre
56%
Roissy-en-France
54%
Cormeilles-en-Parisis
53%
Saint-Ouen-l'Aumône
53%
Persan
52%
Goussainville
51%
L'Isle-Adam
51%
Saint-Leu-la-Forêt
51%
Montigny-lès-Cormeilles
50%
Beaumont-sur-Oise
48%
Louvres
47%
Osny
47%
Luzarches
46%
Pierrelaye
46%
Auvers-sur-Oise
45%
Bezons
44%
Domont
44%
Soisy-sous-Montmorency
44%
Méry-sur-Oise
43%
Montmagny
43%
Vauréal
43%
Écouen
42%
Arnouville
41%
Beauchamp
39%
Magny-en-Vexin
39%
Saint-Brice-sous-Forêt
39%
Saint-Prix
38%
Courdimanche
37%
Le Plessis-Bouchard
37%
Us
36%
Jouy-le-Moutier
34%
Bouffémont
33%
Ézanville
33%
Groslay
33%
Marines
33%
Andilly
30%
Bessancourt
30%
La Frette-sur-Seine
30%
Fosses
29%
Neuville-sur-Oise
29%
Mériel
28%
Viarmes
27%
Champagne-sur-Oise
25%
Chars
25%
Frépillon
25%
Parmain
24%
Presles
24%
Asnières-sur-Oise
23%
Montsoult
23%
Valmondois
22%
Attainville
20%
Boissy-l'Aillerie
20%
Bruyères-sur-Oise
20%
La Roche-Guyon
20%
Maffliers
20%
Moisselles
20%
Bonneuil-en-France
19%
Margency
19%
Survilliers
19%
Wy-dit-Joli-Village
19%
Menucourt
17%
Boisemont
16%
Chaumontel
16%
Cormeilles-en-Vexin
16%
Ennery
16%
Piscop
16%
Saint-Witz
16%
Vétheuil
16%
Le Thillay
15%
Puiseux-Pontoise
15%
Aincourt
14%
Mours
14%
Nointel
14%
Seugy
14%
Arthies
13%
Baillet-en-France
13%
Le Perchay
13%
Marly-la-Ville
13%
Montlignon
13%
Santeuil
13%
Ableiges
12%
Belloy-en-France
12%
Butry-sur-Oise
12%
Sagy
12%
Saint-Clair-sur-Epte
12%
Théméricourt
12%
Vallangoujard
12%
Bernes-sur-Oise
11%
Bray-et-Lû
11%
Chennevières-lès-Louvres
11%
Courcelles-sur-Viosne
11%
Fontenay-en-Parisis
11%
Grisy-les-Plâtres
11%
Nesles-la-Vallée
11%
Vémars
11%
Vigny
11%
Villiers-Adam
11%
Montgeroult
10%
Noisy-sur-Oise
10%
Puiseux-en-France
10%
Saint-Gervais
10%
Saint-Martin-du-Tertre
10%
Vaudherland
10%
Villiers-le-Sec
10%
Amenucourt
9%
Bouqueval
9%
Béthemont-la-Forêt
8%
Charmont
8%
Le Mesnil-Aubry
8%
Montreuil-sur-Epte
8%
Ambleville
7%
Arronville
7%
Avernes
7%
Bellefontaine
7%
Berville
7%
Chauvry
7%
Épiais-Rhus
7%
Épinay-Champlâtreux
7%
Frémécourt
7%
Frouville
7%
Génicourt
7%
Hérouville
7%
Le Plessis-Gassot
7%
Livilliers
7%
Mareil-en-France
7%
Nerville-la-Forêt
7%
Nucourt
7%
Omerville
7%
Villeron
7%
Bréançon
6%
Chérence
6%
Condécourt
6%
Épiais-lès-Louvres
6%
Gouzangrez
6%
Hédouville
6%
Jagny-sous-Bois
6%
Villaines-sous-Bois
6%
Brignancourt
5%
Chaussy
5%
Gadancourt
5%
Genainville
5%
Haravilliers
5%
Hodent
5%
Le Heaulme
5%
Longuesse
5%
Moussy
5%
Neuilly-en-Vexin
5%
Ronquerolles
5%
Commeny
4%
Frémainville
4%
Haute-Isle
4%
Labbeville
4%
Le Bellay-en-Vexin
4%
Le Plessis-Luzarches
4%
Seraincourt
4%
Theuville
4%
Villers-en-Arthies
4%
Banthelu
3%
Buhy
3%
Châtenay-en-France
3%
Cléry-en-Vexin
3%
Guiry-en-Vexin
3%
La Chapelle-en-Vexin
3%
Lassy
3%
Menouville
3%
Maudétour-en-Vexin
2%
Saint-Cyr-en-Arthies
2%
Vienne-en-Arthies
2%

Distribution des résultats

Percentile par nombre de réponses

% des personnes avec chaque résultat

Votre développement - résultats

Vous n’avez pas pris ce quiz